| 000 | 01465cam a2200385 i 4500 | ||
|---|---|---|---|
| 001 | 127 | ||
| 003 | Mx-PuUPA | ||
| 005 | 20250613145737.0 | ||
| 008 | 140415s1991 mx a gr 001 0 spa d | ||
| 020 | _a9682441250 | ||
| 040 |
_aMx-PuUPA _bspa _cMx-PuUPA _dMx-PuUPA _erda |
||
| 041 | 1 |
_aspa _heng |
|
| 100 | 1 |
_aMeggs, Philip B., _eautor |
|
| 240 | 1 | 2 |
_aA history of graphic design. _lEspañol |
| 245 | 1 | 0 |
_aHistoria del diseño gráfico / _cPhilip B. Meggs ; traducción, Martha Izaguirre I., Carlos Iriondo S., Elvia Vera S. |
| 250 |
_aPrimera edición / _bjulio |
||
| 264 | 1 |
_aMéxico, D.F. : _bEditorial Trillas, _c©1991 |
|
| 300 |
_a562 páginas : _bilustraciones (en blanco y negro) ; _c28 cm |
||
| 336 |
_2rdacontent _atexto _btxt |
||
| 336 |
_2rdacontent _aimagen fija _bsti |
||
| 337 |
_2rdamedia _asin medio _bn |
||
| 338 |
_2rdacarrier _avolumen _bnc |
||
| 500 | _a(Ítem 19122: faltan páginas) | ||
| 650 | 7 |
_2armarc _aArtes gráficas _xHistoria |
|
| 650 | 7 |
_2armarc _aDiseño gráfico _xHistoria |
|
| 650 | 7 |
_2armarc _aImprenta _xHistoria |
|
| 700 | 1 |
_aIzaguirre I., Martha, _etraductor |
|
| 700 | 1 |
_aIriondo S., Carlos, _etraductor |
|
| 700 | 1 |
_aVera S., Elvia, _etraductor |
|
| 765 | 0 |
_aMeggs, Philip B. _d[Lugar de publicación no identificado] : Van Nostrand Reinhold Company, ©1983 _tA history of graphic design. |
|
| 942 |
_2ddc _cLI _h686.209 _iM4618 |
||
| 999 |
_c127 _d127 |
||